00956cam a22002775a 4500001001000000003000400010005001700014008004100031020001500072020001800087040004000105082002200145100001800167245010200185250001200287260005400299300003400353504005100387650005000438653003000488700001700518700001600535942000800551999001700559952010200576009052628OSt20180108152142.0030414t2003 njua frb 001 0 eng d a0131422464 a9780131422469 aStDuBDSbengcStDuBDSdUkdEG-ScBUE04a005.2762222bALU1 aAlur, Deepak.10aCore J2EE patterns :bbest practices and design strategies /cDeepak Alur, John Crupi, Dan Malks. a2nd ed. aUpper Saddle River :bPrentice Hall PTR,cc.2003. axxx, 650 p. :bill. ;c24 cm. aIncludes bibliographical references and index. 7aJava (Computer program language)2BUEsh93407 bGGENbCOMSCIcJanuary20181 aCrupi, John.1 aMalks, Dan. 2ddc c25900d25872 00102ddc4070aMAINbMAINcLOWd2018-01-08l0o005.2762 ALUp000047115r2025-07-15 00:00:00yBB